000 00318nam a22001457a 4500
020 _a978-93-90948-08-6
082 _a894.812.3
_bNAR/T
100 _aNARAYANANKUTTY, P
245 _aTOUCHING A STONE
260 _aTHRISSUR
_bSUN SHINE BOOKS
_c2022
300 _a112
520 _aNOVEL
650 _aNOVEL
942 _cBK
999 _c5083
_d5083